Ends in "-oke" - Statistics

General Stats
  • This quiz has been taken 66 times
  • The average score is 15 of 20
Answer Stats
Hint Answer % Correct
When you have no money, or, "If it ain't _____, don't fix it!" Broke
95%
World famous soft drink, or, a clean-burning fuel source for furnaces Coke
93%
Swimming technique where you are facing upwards Backstroke
89%
What you are puffing (and exhaling) from above Smoke
89%
No longer asleep, or, to be socially conscious Woke
88%
A chap in the UK or some other English-speaking countries Bloke
86%
To cut off the flow of air, or, to mess up under pressure Choke
86%
"A priest, a rabbi and a dermatologist walk into a bar..." (Stop me if you've heard this one!) Joke
82%
Green vegetable with tough leaves and a tender heart Artichoke
79%
Slang for "Okay!" --- Okey-____ Doke
79%
Part of a bicycle wheel Spoke
77%
To jab or prod, or in some locales, a bag or sack Poke
75%
To stir up a fire and add fuel to it Stoke
73%
What tipsy people sing along with in bars Karaoke
71%
To annul, take back, or rescind, as with a license or privilege Revoke
68%
A wooden device for hitching oxen to a wagon or plow Yoke
64%
To call on something, such as a higher power, or to bring a rule into play Invoke
61%
To stir up, arouse anger or incite Provoke
57%
To take a puff from a cigarette or a pipe Toke
55%
One who wrangles dogies Way Out West Cowpoke
30%
No matching quizzes found
Score Distribution
Percent of People with Each Score
Percentile by Number Answered
Your Score History
You have not taken this quiz